000 00874nam a2200217 i 4500
001 164703
003 ES-MaACL
005 20250714063117.0
008 931025s1895 sp |||| | spa d
080 _a821.134.2-14"18"
100 1 _aSandoval, Manuel de,
_d1874-1932
_eaut
_9103105
245 1 0 _aPrometeo :
_bpoema /
_cManuel de Sandoval ; con una carta prólogo de Emilio Ferrari.
260 _aMadrid :
_b[s.n.],
_c1895
_f(Est. Tip. de Agustín Avral)
300 _a31 páginas ;
_c17 cm.
655 7 _2tgfbne
_9176539
_aPoesías
700 1 _aFerrari, Emilio,
_d1853-1907
_eaui
_950308
852 _aES-MaACL
_cDEPOF
_gDedic. ms. para el Ateneo de Madrid
_hDonativo de Manuel de Sandoval
_jT-766-F-1
_xEnc. en un vol. facticio
_xHolandesa conservando cub. original
942 _2udc
_cFOLLETOS
_n0
999 _c164703
_d164703